| 000 | 00537nam a22001697a 4500 | ||
|---|---|---|---|
| 005 | 20141119140356.0 | ||
| 008 | 141119b xxu||||| |||| 00| 0 eng d | ||
| 020 | _a9716857504 | ||
| 050 |
_aPL 6054 _b.C894 2013 |
||
| 100 | _aCantre, Merlinda C. | ||
| 245 |
_aFilipino 3 : _bang masining na pagpapahayag (retorika) / _cMerlinda Cueto-Cantre. |
||
| 260 |
_aQuezon City, Philippines : _bLorimar Publishing Inc., _cc2013. |
||
| 300 |
_a135 pages : _billustrations ; |
||
| 521 | _aEducation | ||
| 651 | _aTeaching. | ||
| 942 |
_2lcc _cBK _kFIL |
||
| 999 |
_c276820 _d276820 |
||